LIBRARY & INFORMATION CENTRE, KCAET, TAVANUR

ONLINE PUBLIC ACCESS CATALOGUE (OPAC)

Men of letters and the english public ain the eighteenth century / (Record no. 8639)

MARC details
000 -LEADER
fixed length control field 00452cam a2200157ua 4500
041 ## - LANGUAGE CODE
Language code of text/sound track or separate title eng
082 ## - DEWEY DECIMAL CLASSIFICATION NUMBER
Classification number 828.09
Item number BEL/ME
100 ## - MAIN ENTRY--AUTHOR NAME
Personal name Beljame, Alexandre .
245 ## - TITLE STATEMENT
Title Men of letters and the english public ain the eighteenth century /
250 ## - EDITION STATEMENT
Edition statement 2 /
260 ## - PUBLICATION, DISTRIBUTION, ETC. (IMPRINT)
Place of publication London :
Name of publisher Kegon Paul, Trench, Trubner &Co Ltd. ,
Year of publication 1897.
300 ## - PHYSICAL DESCRIPTION
Number of Pages 501 ; .
942 ## - ADDED ENTRY ELEMENTS (KOHA)
Koha item type Books
Holdings
Withdrawn status Lost status Damaged status Home library Current library Date acquired Full call number Accession Number Koha item type
Withdrawn     KAUAET Sanskrit University 07/04/2012 828.09 11983 Books
free website counter